Länder der Atomwaffenfreien Zone - Statistiken

Allgemein
  • Dieses Quiz wurde 2 mal gespielt
  • Das Durchschnittsergebnis liegt bei 59 aus 116
Antwortstatistiken
Länder der Atomwaffenfreien Zone % Korrekt
Ägypten
100%
Demokratische Republik Kongo
100%
Republik Kongo
100%
Togo
100%
Algerien
50%
Andorra
50%
Angola
50%
Antigua und Barbuda
50%
Äquatorialguinea
50%
Argentinien
50%
Äthiopien
50%
Australien
50%
Bahamas
50%
Barbados
50%
Belize
50%
Benin
50%
Bolivien
50%
Botswana
50%
Brasilien
50%
Burkina Faso
50%
Burundi
50%
Chile
50%
Costa Rica
50%
Mexiko
50%
Dominica
50%
Dominikanische Republik
50%
Dschibuti
50%
Ecuador
50%
Elfenbeinküste
50%
El Salvador
50%
Eritrea
50%
Eswatini
50%
Fidschi
50%
Gabun
50%
Gambia
50%
Ghana
50%
Grenada
50%
Guatemala
50%
Guinea
50%
Guinea-Bissau
50%
Guyana
50%
Haiti
50%
Honduras
50%
Indonesien
50%
Jamaika
50%
Kambodscha
50%
Kamerun
50%
Kap Verde
50%
Kasachstan
50%
Kenia
50%
Kirgistan
50%
Kiribati
50%
Kolumbien
50%
Komoren
50%
Kuba
50%
Laos
50%
Lesotho
50%
Liberia
50%
Libyen
50%
Madagaskar
50%
Malawi
50%
Malaysia
50%
Mali
50%
Marokko
50%
Marshallinseln
50%
Mauretanien
50%
Mauritius
50%
Mikronesien
50%
Mongolei
50%
Mosambik
50%
Myanmar
50%
Namibia
50%
Neuseeland
50%
Nicaragua
50%
Niger
50%
Nigeria
50%
Panama
50%
Papua-Neuguinea
50%
Paraguay
50%
Peru
50%
Ruanda
50%
Salomonen
50%
Sambia
50%
Samoa
50%
São Tomé und Príncipe
50%
Senegal
50%
Seychellen
50%
Sierra Leone
50%
Simbabwe
50%
Singapur
50%
Somalia
50%
St. Kitts und Nevis
50%
St. Lucia
50%
St. Vincent und die Grenadinen
50%
Südafrika
50%
Sudan
50%
Südsudan
50%
Suriname
50%
Tadschikistan
50%
Tansania
50%
Thailand
50%
Tonga
50%
Trinidad und Tobago
50%
Tschad
50%
Tunesien
50%
Turkmenistan
50%
Tuvalu
50%
Uganda
50%
Uruguay
50%
Usbekistan
50%
Vanuatu
50%
Venezuela
50%
Vietnam
50%
Brunei
0%
Philippinen
0%
Zentralafrikanische Republik
0%
Keine übereinstimmenden Quizze gefunden
Verteilung der Resultate
Anzahl Personen mit jedem Resultat
Perzentil nach korrekt beantworteten Fragen
Ihre Resultats-Entwicklung
Sie haben dieses Quiz noch nicht gespielt